000 00581nam a2200193Ia 4500
008 220216s9999 xx 000 0 und d
100 _aKoshy A.T.
245 0 _aStratification, phase inversion and particle break down during extrusion of natural rubber - ethylene vinyl acetate copolymer blends
260 _bKautschuk Gummi Kunststoffe
_c1994
300 _a108-110
650 _aBlend
650 _aEthylene vinyl acetate
650 _aExtrusion
650 _aNatural rubber
650 _aStratification
700 _aKuriakose B.
700 _aThomas S.
942 _cBS
999 _c50904
_d50904